Norman Rockwell, illustrator. (Record no. 413)

MARC details
000 -LEADER
fixed length control field 00767cam a2200241 4500
005 - DATE AND TIME OF LATEST TRANSACTION
control field 20260322212019.0
008 - FIXED-LENGTH DATA ELEMENTS--GENERAL INFORMATION
fixed length control field data
010 ## - LIBRARY OF CONGRESS CONTROL NUMBER
LC control number 75125848
040 ## - CATALOGING SOURCE
Original cataloging agency DLC
Transcribing agency DLC
Modifying agency DLC
050 00 - LIBRARY OF CONGRESS CALL NUMBER
Classification number ND237.R68
Item number G8 1970
082 00 - DEWEY DECIMAL CLASSIFICATION NUMBER
Classification number 759.13
092 ## - LOCALLY ASSIGNED DEWEY CALL NUMBER (OCLC)
Classification number 759.13 G8 1970
001 - CONTROL NUMBER
control field data
100 1# - MAIN ENTRY--PERSONAL NAME
Personal name Guptill, Arthur L.
Dates associated with a name 1891-1956.
Fuller form of name (Arthur Leighton),
245 10 - TITLE STATEMENT
Title Norman Rockwell, illustrator.
Statement of responsibility, etc. Arthur L. Guptill.
250 ## - EDITION STATEMENT
Edition statement [3d ed.]
260 ## - PUBLICATION, DISTRIBUTION, ETC.
Place of publication, distribution, etc. New York,
Name of publisher, distributor, etc. Watson-Guptill Publications
Date of publication, distribution, etc. [1970]
300 ## - PHYSICAL DESCRIPTION
Extent 208 p.
Other physical details illus. (part col.), plan, col. plates, ports. (part col.)
Dimensions 31 cm.
350 ## - PRICE (NR) (BK AM CF MU VM SE) [OBSOLETE]
Price {dollar}17.50
600 10 - SUBJECT ADDED ENTRY--PERSONAL NAME
Personal name Rockwell, Norman,
Dates associated with a name 1894-1978.
906 ## - LOCAL DATA ELEMENT F, LDF (RLIN)
a 7
b cbc
c orignew
d 2
e ncip
f 19
g y-gencatlg
991 ## -
-- c-GenColl
-- ND237.R68
-- G8 1970
-- Copy 1
-- BOOKS
Holdings
Withdrawn status Lost status Damaged status Not for loan Home library Current library Shelving location Date acquired Total checkouts Full call number Barcode Date last seen Price effective from Koha item type
        Centerville Centerville General stacks 22/03/2026   759.13 BC0010423 22/03/2026 22/03/2026 Books